000
00304nam a2200109Ia 4500
008
220204s9999 xx 000 0 und d
082
_a
NR:62(038)
_b
CRA
100
_a
Craig, Alexander S
245
0
_a
Concise encyclopedic dictionary of rubber technology
260
_a
New York
_b
Elsevier
_c
1969
942
_c
BK
999
_c
24047
_d
24047